States of Australian Cricketers - Statistics

General Stats
  • This quiz has been taken 30 times
  • The average score is 12 of 15
Answer Stats
Hint Answer % Correct
Don Bradman New South Wales
100%
Steve Smith New South Wales
86%
Ricky Ponting Tasmania
86%
Shane Warne Victoria
86%
Adam Gilchrist New South Wales
82%
Usman Khawaja New South Wales
82%
Allan Border New South Wales
82%
Travis Head South Australia
82%
Dennis Lillee Western Australia
82%
Mark Taylor New South Wales
79%
Jeff Thompson New South Wales
79%
Mitchell Johnson Queensland
79%
Greg Chappell South Australia
79%
Glenn Maxwell Victoria
79%
D'Arcy Short Northern Territory
54%
No matching quizzes found
Score Distribution
Percent of People with Each Score
Percentile by Number Answered
Your Score History
You have not taken this quiz